Historic photos of Dallas / (Record no. 366)

MARC details
000 -LEADER
fixed length control field 01334cam a2200325 a 4500
005 - DATE AND TIME OF LATEST TRANSACTION
control field 20260322212017.0
008 - FIXED-LENGTH DATA ELEMENTS--GENERAL INFORMATION
fixed length control field data
010 ## - LIBRARY OF CONGRESS CONTROL NUMBER
LC control number 2006934336
020 ## - INTERNATIONAL STANDARD BOOK NUMBER
International Standard Book Number 9781596522909
020 ## - INTERNATIONAL STANDARD BOOK NUMBER
International Standard Book Number 1596522909
040 ## - CATALOGING SOURCE
Original cataloging agency IG#
Transcribing agency IG#
Modifying agency DLC
-- BAKER
-- DLC
042 ## - AUTHENTICATION CODE
Authentication code lccopycat
043 ## - GEOGRAPHIC AREA CODE
Geographic area code n-us-tx
050 00 - LIBRARY OF CONGRESS CALL NUMBER
Classification number F394.D2143
Item number H39 2006
082 04 - DEWEY DECIMAL CLASSIFICATION NUMBER
Classification number 976.4/2812060222
Edition information 22
092 ## - LOCALLY ASSIGNED DEWEY CALL NUMBER (OCLC)
Classification number 976.4 H39 2006
001 - CONTROL NUMBER
control field data
100 1# - MAIN ENTRY--PERSONAL NAME
Personal name Hazel, Michael V.,
Dates associated with a name 1948-
245 10 - TITLE STATEMENT
Title Historic photos of Dallas /
Statement of responsibility, etc. Michael V. Hazel.
260 ## - PUBLICATION, DISTRIBUTION, ETC.
Place of publication, distribution, etc. Nashville, Tenn. :
Name of publisher, distributor, etc. Turner Pub. Co.,
Date of publication, distribution, etc. c2006.
300 ## - PHYSICAL DESCRIPTION
Extent x, 206 p. :
Other physical details chiefly ill. ;
Dimensions 26 cm.
505 0# - FORMATTED CONTENTS NOTE
Formatted contents note From 1840s outpost to turn-of-the-century boomtown (1850-1899) -- Stirrings of a new century (1900-1929) -- From the great depression to postwar metropolis (1930-1949) -- The modern age (1950-1969).
650 #0 - SUBJECT ADDED ENTRY--TOPICAL TERM
Topical term or geographic name entry element Historic buildings
Geographic subdivision Dallas
-- Dallas
Form subdivision Pictorial works.
651 #0 - SUBJECT ADDED ENTRY--GEOGRAPHIC NAME
Geographic name Dallas (Tex.)
General subdivision History
Form subdivision Pictorial works.
651 #0 - SUBJECT ADDED ENTRY--GEOGRAPHIC NAME
Geographic name Dallas (Tex.)
General subdivision Social life and customs
Form subdivision Pictorial works.
651 #0 - SUBJECT ADDED ENTRY--GEOGRAPHIC NAME
Geographic name Dallas (Tex.)
General subdivision Buildings, structures, etc.
Form subdivision Pictorial works.
906 ## - LOCAL DATA ELEMENT F, LDF (RLIN)
a 7
b cbc
c copycat
d 2
e ncip
f 20
g y-gencatlg
925 0# -
-- acquire
-- 2 shelf copies
-- policy default
955 ## - COPY-LEVEL INFORMATION (RLIN)
-- lk31 2007-07-31 to SL
-- lk13 2007-07-31 to Dewey
Holdings
Withdrawn status Lost status Damaged status Not for loan Home library Current library Shelving location Date acquired Total checkouts Full call number Barcode Date last seen Price effective from Koha item type
        Centerville Centerville General stacks 22/03/2026   976.4/2812060222 22 BC0010376 22/03/2026 22/03/2026 Books